00532nam a2200157 a 450000100100000000500170001000800410002702000150006804000250008308200130010810000290012124500760015026000380022630000360026450000740030000004243220201002040143.0131202s1985 mx ac 000 0 spa d a9688560022 aDO-SdBNPbspacBNPHU axxxbxxx1 aLeñero, Vicented1933-10aAsesinato :bel doble crimen de los Flores Muñoz /cVicente Leñero. aMéxico :bPlaza y Janes,c1985. a541 p. :bil., retrs. ;c21 cm. aIncluye referencias bibliográficas y notas al pie de las páginas.